Statistics for Rising Kingdom Lyrics

Click here to take the quiz!

General Stats

  • This quiz has been taken 11 times
  • The average score is 157 of 240

Answer Stats

Answer% Correct
a
100%
A
100%
Be
100%
because
100%
I
100%
it
100%
lost
100%
much
100%
my
100%
of
100%
the
100%
The
100%
times
100%
to
100%
too
100%
track
100%
was
100%
was.
100%
when
100%
when,
100%
aimed
67%
and
67%
are
67%
back.
67%
better
67%
careful
67%
didn't
67%
disgrace.
67%
I've
67%
end.
67%
face,
67%
fall.
67%
fall
67%
for,
67%
For
67%
for
67%
friend.
67%
greed?
67%
had
67%
happy
67%
Heed
67%
high,
67%
in
67%
In
67%
I've
67%
king,
67%
kingdom
67%
Kingdoms
67%
looked
67%
made
67%
may
67%
mistakes
67%
need.
67%
off,
67%
often
67%
place
67%
rise
67%
rise.
67%
set
67%
thing.
67%
things,
67%
think
67%
those
67%
try
67%
what
67%
What
67%
who
67%
wise.
67%
wish
67%
Wish
67%
with
67%
without
67%
you
67%
your
67%
again.
33%
all,
33%
all
33%
as
33%
best!
33%
blind,
33%
bright,
33%
brings,
33%
burned
33%
but
33%
But
33%
'Cause
33%
change
33%
could
33%
day.
33%
done.
33%
don't
33%
failed
33%
far.
33%
fate
33%
fight
33%
future's
33%
haven't
33%
heartaches
33%
I'd
33%
intertwined.
33%
is
33%
just
33%
know
33%
life
33%
lived,
33%
luck,
33%
meet
33%
mine,
33%
more
33%
one
33%
paid
33%
pain
33%
price,
33%
reached
33%
said,
33%
say.
33%
shooting
33%
single
33%
some
33%
spite
33%
star.
33%
step
33%
suffered
33%
test.
33%
that's
33%
through
33%
tried
33%
well
33%
we'll
33%
won,
33%
words
33%
worth,
33%
wouldn't
33%

Score Distribution

Percentile by Number Answered

Percent of People with Each Score

Your Score History

You have not taken this quiz